000 00627nam a2200217Ia 4500
005 20250508162420.0
008 008 250505s9999 xx 000 0 eng d
020 _a0-7099-1130-0
037 _aTextual
040 _aFEDL
_beng
_cFEDL
041 _aeng
_2eng
084 _a370.71, GOO
_qFEDL
100 _aGoodings Richard Ed.
_994553
245 0 _aChanging priorities in teacher education
260 _aLondon, UK
_bCroom Helm
_c1982
300 _a227p
650 _aEducation
700 _a Buram Michael Ed. McPartland Michael Ed.
_9773112
942 _cTEXL
_h370.71, GOO
999 _c1376396
_d1376396